| 000 | 00453pab a2200181 454500 | ||
|---|---|---|---|
| 008 | 180718b2001-2002 xxu||||| |||| 00| 0 eng d | ||
| 100 | _aSimha, S.L.N. | ||
| 245 | _a"Money income prices in 19th century India" | ||
| 260 | _c2001-2002 | ||
| 300 | _ap.86-95. | ||
| 362 | _aJan-Mar | ||
| 650 | _aPrices - India | ||
| 650 | _aIncome - India | ||
| 650 | _aMoney - India | ||
| 650 | _aMoney | ||
| 773 | _aIndian Economic Journal | ||
| 909 | _a52943 | ||
| 999 |
_c52943 _d52943 |
||